[Event "Tokyo Qual for Asian Games"]
[Site "Tokyo"]
[Date "2022.03.27"]
[Round "7"]
[White "Ogawa, Tomie"]
[Black "Kojima, Shinya"]
[Result "1/2-1/2"]
[WhiteElo "2153"]
[BlackElo "2499"]
[PlyCount "80"]
[EventDate "2022.03.26"]
[EventType "tourn"]
[EventRounds "10"]
[EventCountry "JPN"]
[EventCategory "2"]
[SourceTitle "CBM 207 Extra"]
[Source "ChessBase"]
[SourceDate "2022.05.31"]
[SourceVersion "1"]
[SourceVersionDate "2022.05.31"]
[SourceQuality "1"]

1. e4 e5 2. Nf3 Nc6 3. Bb5 a6 4. Ba4 Nf6 5. 0-0 b5 6. Bb3 Bb7 7. Re1 Bc5 8. c3 d6 9. d4 Bb6 10. Bg5 h6 11. Be3 0-0 12. Nbd2 exd4 13. cxd4 Nb4 14. d5 Nd3 15. Re2 Re8 16. Bc2 Bxe3 17. Bxd3 Bb6 18. Nb3 c6 19. dxc6 Bxc6 20. Qe1 Ng4 21. Nbd4 Bb7 22. Rd1 Qf6 23. Bc2 g6 24. h3 Ne5 25. Nxe5 Rxe5 26. Nf3 Re7 27. Bb3 Rae8 28. Bd5 Bxd5 29. Rxd5 Qf4 30. Qd2 Qxd2 31. Nxd2 Re6 32. Kf1 Rc8 33. Nb3 Rc4 34. f3 Kf8 35. g4 Ke7 36. Red2 Be3 37. R2d3 Bb6 38. Rd2 Be3 39. R2d3 Bb6 40. Rd2 Be3 1/2-1/2

[Event "Tokyo Qual for Asian Games"]
[Site "Tokyo"]
[Date "2022.03.26"]
[Round "1"]
[White "Ogawa, Tomie"]
[Black "Yamada, Kohei"]
[Result "0-1"]
[WhiteElo "2153"]
[BlackElo "2280"]
[PlyCount "94"]
[EventDate "2022.03.26"]
[EventType "tourn"]
[EventRounds "10"]
[EventCountry "JPN"]
[EventCategory "2"]
[SourceTitle "CBM 207 Extra"]
[Source "ChessBase"]
[SourceDate "2022.05.31"]
[SourceVersion "1"]
[SourceVersionDate "2022.05.31"]
[SourceQuality "1"]

1. e4 c5 2. Nf3 d6 3. d4 cxd4 4. Nxd4 Nf6 5. Nc3 a6 6. Bg5 e6 7. Bd3 Be7 8. 0-0 Nbd7 9. Kh1 Qb6 10. Nb3 Qc7 11. f4 b5 12. a3 Bb7 13. Qe2 Rc8 14. Rae1 h6 15. Bh4 g5 16. Bg3 gxf4 17. Bxf4 Ne5 18. Nd2 Nfd7 19. Qh5 Qc5 20. Nb3 Qc7 21. Bxe5 Nxe5 22. Nd4 Qd7 23. Ncxb5 axb5 24. Bxb5 Bc6 25. Nxc6 Rxc6 26. Re3 Qb7 27. a4 Kd8 28. Bxc6 Qxc6 29. Qe2 Kd7 30. a5 Rb8 31. b3 Bg5 32. Rg3 Qc5 33. Ra1 Qd4 34. c3 Qa7 35. b4 Ke7 36. Rd1 Rc8 37. a6 Rc4 38. b5 Qb6 39. Qa2 Rc7 40. Qa3 Bf4 41. Rh3 Ng4 42. Rf3 Nf2+ 43. Rxf2 Qxf2 44. c4 Be5 45. c5 Rxc5 46. a7 Qf4 47. Qg3 Rc1 0-1